|
|
|
|
| LEADER |
03115nam a22005175i 4500 |
| 001 |
978-3-319-18167-7 |
| 003 |
DE-He213 |
| 005 |
20151204162922.0 |
| 007 |
cr nn 008mamaa |
| 008 |
150507s2015 gw | s |||| 0|eng d |
| 020 |
|
|
|a 9783319181677
|9 978-3-319-18167-7
|
| 024 |
7 |
|
|a 10.1007/978-3-319-18167-7
|2 doi
|
| 040 |
|
|
|d GrThAP
|
| 050 |
|
4 |
|a Q342
|
| 072 |
|
7 |
|a UYQ
|2 bicssc
|
| 072 |
|
7 |
|a COM004000
|2 bisacsh
|
| 082 |
0 |
4 |
|a 006.3
|2 23
|
| 245 |
1 |
0 |
|a Modelling, Computation and Optimization in Information Systems and Management Sciences
|h [electronic resource] :
|b Proceedings of the 3rd International Conference on Modelling, Computation and Optimization in Information Systems and Management Sciences - MCO 2015 - Part II /
|c edited by Hoai An Le Thi, Tao Pham Dinh, Ngoc Thanh Nguyen.
|
| 264 |
|
1 |
|a Cham :
|b Springer International Publishing :
|b Imprint: Springer,
|c 2015.
|
| 300 |
|
|
|a XX, 500 p. 127 illus.
|b online resource.
|
| 336 |
|
|
|a text
|b txt
|2 rdacontent
|
| 337 |
|
|
|a computer
|b c
|2 rdamedia
|
| 338 |
|
|
|a online resource
|b cr
|2 rdacarrier
|
| 347 |
|
|
|a text file
|b PDF
|2 rda
|
| 490 |
1 |
|
|a Advances in Intelligent Systems and Computing,
|x 2194-5357 ;
|v 360
|
| 505 |
0 |
|
|a Data Analysis, Data Mining -- Heuristic / Meta Heuristic Methods for Operational Research Applications -- Optimization Applied to Surveillance and Threat Detection -- Maintenance and Production Control Problems -- Scheduling -- Some Topic in Post Crises Banking and Eco-finance Modelling -- Transportation -- Technologies and Methods for Multi-stakeholder Decision Analysis in Public Settings.
|
| 520 |
|
|
|a This proceedings set contains 85 selected full papers presentedat the 3rd International Conference on Modelling, Computation and Optimization in Information Systems and Management Sciences - MCO 2015, held on May 11–13, 2015 at Lorraine University, France. The present part II of the 2 volume set includes articles devoted to Data analysis and Data mining, Heuristic / Meta heuristic methods for operational research applications, Optimization applied to surveillance and threat detection, Maintenance and Scheduling, Post Crises banking and eco-finance modelling, Transportation, as well as Technologies and methods for multi-stakeholder decision analysis in public settings.
|
| 650 |
|
0 |
|a Engineering.
|
| 650 |
|
0 |
|a Operations research.
|
| 650 |
|
0 |
|a Decision making.
|
| 650 |
|
0 |
|a Artificial intelligence.
|
| 650 |
|
0 |
|a Computational intelligence.
|
| 650 |
1 |
4 |
|a Engineering.
|
| 650 |
2 |
4 |
|a Computational Intelligence.
|
| 650 |
2 |
4 |
|a Artificial Intelligence (incl. Robotics).
|
| 650 |
2 |
4 |
|a Operation Research/Decision Theory.
|
| 700 |
1 |
|
|a Le Thi, Hoai An.
|e editor.
|
| 700 |
1 |
|
|a Pham Dinh, Tao.
|e editor.
|
| 700 |
1 |
|
|a Nguyen, Ngoc Thanh.
|e editor.
|
| 710 |
2 |
|
|a SpringerLink (Online service)
|
| 773 |
0 |
|
|t Springer eBooks
|
| 776 |
0 |
8 |
|i Printed edition:
|z 9783319181660
|
| 830 |
|
0 |
|a Advances in Intelligent Systems and Computing,
|x 2194-5357 ;
|v 360
|
| 856 |
4 |
0 |
|u http://dx.doi.org/10.1007/978-3-319-18167-7
|z Full Text via HEAL-Link
|
| 912 |
|
|
|a ZDB-2-ENG
|
| 950 |
|
|
|a Engineering (Springer-11647)
|